000 00626 a2200193 4500
003 NUST
005 20230208102128.0
010 _a 83005463
020 _a0582783402
040 _cNust
082 0 0 _a954.91,INS
245 1 3 _aInsight and guide to Pakistan /
_cTony Halliday : ( Editor)
260 _a Pakistan
_b Vanguard Books
_c2001
300 _axx, 407 p.:
_bill. (some col.) ;
_c22 cm.
505 _aIntroduction (Page-15), History (Page-18), Insight On 74 (Page-74), Information Panels (Page-35), Places (Page-215).
650 _aPakistan
651 0 _aPakistan
_xGuidebooks.
_991585
942 _2ddc
_cBK
_k954.91,INS
999 _c182961
_d182961